000 00705nam a22002537a 4500
001 20846
003 UA-OsUOA
005 20220602185344.0
007 ta
008 20031105b un ||||| |||| 00| 0 ukr d
040 _aUA-OsUOA
_brus
_cUA-OsUOA
_dUA-OsUOA
041 _arus
044 _aUA
080 _a929:78
090 _a929:78
_bК35
100 _aКенигсберг А. К.
245 _aРихард Вагнер (1813-1883): краткий очерк жизни и творчества
_bпопулярная монография
250 _aизд. 2-е
260 _aЛенинград
_bМузыка
_c1972
300 _a118 с.
650 7 _2UDC
942 _cBK
_2udc
955 _a0
999 _c307031
_d307031